00589nam a2200121Ia 4500008004100000020002200041100002900063245017600092260004200268300002800310999001900338952011000357200922s9999 xx 000 0 und d a978-621-409-119-5 aGasilla-Dela Cruz, Sonia cSonia Gasilla-Dela Cruz, Edeliza G. Dela Cruz, Paul M. MapueaNational development via national service training program:b(RA 9163) common modules for CWTS, LTS and ROTC/ aManila:bBooks Atbp. Publishingc2019 aviii, 389 pagesc22 cm. c364396d364396 001040aCLbCLcFILd2020-09-22eCLl0oLC 220.5 .G247 2019pC22482r2020-09-22 00:00:00w2020-09-22yBK